000
00279nam a2200097Ia 4500
082
_a
808.81|NKOS
245
0
_a
Sky and Dust Edge of the Universe
100
_a
Monarchy Nkos'Enhle South Africa, 2014
_9
53497
942
_c
BK
008
210817s9999 xx 000 0 und d
999
_c
169655
_d
169654